| 000 | 01366cad a22002415a 4500 | ||
|---|---|---|---|
| 001 | L147033 | ||
| 008 | 090324s2009 xxkad f s 000 0 eng d | ||
| 035 | _a(Sirsi) u147033 | ||
| 041 | 0 | _aeng | |
| 050 | 0 | 4 | _a333.33 $2 18 |
| 110 | 2 |
_aColliers International Property Consultants _91881 |
|
| 245 | 0 | 0 |
_aGlobal industrial real estate highlights 2009 _h[electronic resource] |
| 260 |
_a[S.l.] _bColliers _c2009 |
||
| 490 | 0 |
_aColliers Global Industrial Real Estate Highlights _v2009 |
|
| 520 | _aReports that warehouse markets worldwide are starting to feel the impact of the global economic downturn with European, Asia Pacific and North American warehouse markets registering a notable slowdown in the second half of 2008. However, Canadian warehouse markets still registered a small increase in occupancy and only a small increase in vacancy levels. Finds the Asia Pacific region continues to be the most robust in the world. Expects warehouse rents to decline in key European markets, but reveals that the EMEA region has solid fundamentals. | ||
| 521 | _aAdvanced | ||
| 590 | _aKA | ||
| 650 | 2 | 4 | _aCOLLIERS GLOBAL INDUSTRIAL REAL ESTATE HIGHLIGHTS |
| 651 | 4 | _aInternational | |
| 690 | _aPROPERTY-COMMERCIAL PROPERTY-COMMERCIAL PROPERTY MARKET | ||
| 856 | 4 | 0 |
_uhttps://www.colliers.com/ _zView the report free of charge at www.colliers.com... |
| 942 | _n0 | ||
| 999 |
_c109415 _d109415 |
||